Ghost - Ateez (guess the english lyrics) - Statistics

General Stats
  • This quiz has been taken 3 times
  • The average score is 101 of 143
Answer Stats
romanticized korean english % Correct
a
100%
gho
100%
ghost
100%
i
100%
im
100%
it
100%
ne gwie soksagiji dwedolligien imi neujeobeoryeotji | ne gwie soksagiji dwedolligien imi neujeobeoryeotji know
100%
me
100%
night
100%
see
100%
that
100%
the
100%
when
100%
you
100%
umi gappajin chae jameseo kkaeji neon neoye muuishigi bureuji calling
67%
ulliji deep
67%
bonneung kkeuteuro neol mireo | gyeonggohaneun meshiji dont
67%
deouk himkkeot chama ne jinshimeul nan ara kkaemun ipsul geu sairo saeeo nawa drama
67%
neukkiji every
67%
in
67%
inside
67%
low
67%
more
67%
no
67%
now
67%
out
67%
say
67%
than
67%
theres
67%
amuri meomchuryeo haedo heulleogaji machi timer
67%
to
67%
want
67%
way
67%
close
33%
dust
33%
flame
33%
gain
33%
get
33%
got
33%
lights
33%
pain
33%
so
33%
soul
33%
meomchuji ma geuge neoya sumeul chama gamyeon dwie sumeo buseojil deut aseulhan iseongeul aesseo nulleo | sumeul chama gamyeon dwie sumeo buseojil deut aseulhan iseongeul aesseo nulleo uh
33%
your
33%
brain
0%
pagodeuneun chain
0%
gyeonggohaneun meshiji dont say it out
0%
face
0%
heundeullineun grace
0%
mae sungan geochireojindamyeon jom deo seonmyeonghage nareul boyeojul sudo ne kkum sogeseokkaji areungeoril ttae nan shwipge neoreul gadun host
0%
bonneunggwa insnae
0%
making
0%
chigobadneun race
0%
than me
0%
No matching quizzes found
Score Distribution
Percent of People with Each Score
Percentile by Number Answered
Your Score History
You have not taken this quiz